[Event "POL-chT U20 2nd League"]
[Site "Sypniewo"]
[Date "2025.06.20"]
[Round "3.85"]
[White "Lechowski, Witold"]
[Black "Lipiak, Bartosz"]
[Result "1/2-1/2"]
[WhiteElo "1969"]
[BlackElo "1913"]
[PlyCount "105"]
[EventDate "2025.06.18"]
[EventType "team-swiss"]
[EventRounds "9"]
[EventCountry "POL"]
[SourceTitle "CB27_2025"]
[SourceDate "2025.07.02"]
[SourceVersion "1"]
[SourceVersionDate "2025.07.02"]
[SourceQuality "1"]
[WhiteTeam "Wrocław Hetman"]
[BlackTeam "Lublin Cebularz"]
[WhiteTeamCountry "POL"]
[BlackTeamCountry "POL"]

1. d4 Nf6 2. c4 e6 3. Nf3 Bb4+ 4. Nbd2 d6 5. a3 Bxd2+ 6. Qxd2 Qe7 7. e3 e5 8. dxe5 dxe5 9. Be2 0-0 10. Qc2 c5 11. 0-0 Nc6 12. b3 Bg4 13. Re1 Rfd8 14. Bb2 Bh5 15. Nh4 Bxe2 16. Rxe2 Qe6 17. Nf3 Nd7 18. Rd1 f6 19. Nd2 b6 20. Ne4 Nf8 21. Nc3 Rxd1+ 22. Qxd1 Rd8 23. Nd5 Rd7 24. Rd2 Ne7 25. h3 Kf7 26. Bc3 Nc6 27. Qh5+ Kg8 28. Qf3 Ne7 29. Qe4 Nc6 30. Nf4 Qf7 31. Qxc6 exf4 32. Rxd7 Qxd7 33. Qxd7 Nxd7 34. exf4 f5 35. Kh2 Kf7 36. Kg3 Nf8 37. Be5 Ne6 38. a4 a6 39. Kf3 Ke7 40. Ke3 Kd7 41. f3 g6 42. Kd3 Kc6 43. g3 Nf8 44. g4 Ne6 45. Ke3 Kd7 46. Bc3 Kd6 47. Be5+ Kd7 48. Ke2 Ke7 49. Kd2 Kd7 50. Kc2 Kc6 51. Kc3 b5 52. axb5+ axb5 53. h4 1/2-1/2

[Event "POL-chT U20 2nd League"]
[Site "Sypniewo"]
[Date "2025.06.18"]
[Round "1.109"]
[White "Pulit, Kacper"]
[Black "Lechowski, Witold"]
[Result "1-0"]
[WhiteElo "1873"]
[BlackElo "1969"]
[PlyCount "101"]
[EventDate "2025.06.18"]
[EventType "team-swiss"]
[EventRounds "9"]
[EventCountry "POL"]
[SourceTitle "CB27_2025"]
[SourceDate "2025.07.02"]
[SourceVersion "1"]
[SourceVersionDate "2025.07.02"]
[SourceQuality "1"]
[WhiteTeam "Gorlice Kornuty"]
[BlackTeam "Wrocław Hetman"]
[WhiteTeamCountry "POL"]
[BlackTeamCountry "POL"]

1. e4 e5 2. Nf3 Nc6 3. d4 exd4 4. Bc4 Bc5 5. c3 Nf6 6. e5 d5 7. Bb5 Ne4 8. cxd4 Bb6 9. 0-0 Bg4 10. Qa4 0-0 11. Bxc6 bxc6 12. Nbd2 a5 13. Kh1 Nxd2 14. Bxd2 Bxf3 15. gxf3 Qh4 16. f4 Qh3 17. f3 Rfe8 18. Be3 Re6 19. Rf2 Qf5 20. Qc2 Qxc2 21. Rxc2 g6 22. Rac1 a4 23. Rxc6 Rxc6 24. Rxc6 Ra5 25. Rc2 Kf8 26. Kg2 Rb5 27. Kf2 Rb4 28. Rd2 Rc4 29. f5 gxf5 30. Kg3 Ke7 31. Kf4 Ke6 32. Kg5 Rc1 33. Kh6 Rf1 34. Bf2 Rh1 35. Bg3 Rf1 36. Bf2 Ra1 37. a3 Rc1 38. Kxh7 Ba5 39. Re2 Rd1 40. h4 Rd3 41. h5 Bd2 42. h6 f6 43. Kg6 Bxh6 44. exf6+ Kd7 45. Kxh6 Rxf3 46. f7 Rh3+ 47. Kg7 Rh7+ 48. Kxh7 f4 49. f8Q f3 50. Qe8+ Kd6 51. Bg3# 1-0

[Event "Bialystok Zamenhof Memorial 43rd"]
[Site "Bialystok"]
[Date "2024.12.30"]
[Round "8"]
[White "Lechowski, Witold"]
[Black "Kaganskiy, Gleb"]
[Result "0-1"]
[WhiteElo "2101"]
[BlackElo "2219"]
[PlyCount "46"]
[EventDate "2024.12.27"]
[EventType "swiss"]
[EventRounds "9"]
[EventCountry "POL"]
[SourceTitle "CB02_2025"]
[SourceDate "2025.01.08"]
[SourceVersion "1"]
[SourceVersionDate "2025.01.08"]
[SourceQuality "1"]

1. d4 d5 2. c4 e6 3. Nf3 c5 4. cxd5 exd5 5. g3 Nc6 6. Bg2 Nf6 7. Nc3 cxd4 8. Nxd4 Bc5 9. Nb3 Bb6 10. 0-0 d4 11. Na4 0-0 12. Bg5 h6 13. Nxb6 axb6 14. Bxf6 Qxf6 15. Qd2 Be6 16. Rfd1 Rfd8 17. Nc1 b5 18. b3 d3 19. Nxd3 Bxb3 20. Rdb1 Bc4 21. Qb2 Nd4 22. Bf1 Bxd3 23. exd3 Rac8 0-1

[Event "Bialystok Zamenhof Memorial 43rd"]
[Site "Bialystok"]
[Date "2024.12.27"]
[Round "2"]
[White "Lechowski, Witold"]
[Black "Przybylski, Jan"]
[Result "1-0"]
[WhiteElo "2101"]
[BlackElo "1987"]
[PlyCount "113"]
[EventDate "2024.12.27"]
[EventType "swiss"]
[EventRounds "9"]
[EventCountry "POL"]
[SourceTitle "CB02_2025"]
[SourceDate "2025.01.08"]
[SourceVersion "1"]
[SourceVersionDate "2025.01.08"]
[SourceQuality "1"]

1. d4 Nf6 2. c4 e6 3. Nf3 Bb4+ 4. Nbd2 0-0 5. a3 Bxd2+ 6. Qxd2 b6 7. e3 Bb7 8. Be2 d6 9. 0-0 a5 10. b3 Nbd7 11. Bb2 Ne4 12. Qc2 f5 13. b4 Qe7 14. Rad1 Ndf6 15. d5 e5 16. Nd2 Nxd2 17. Rxd2 g6 18. Rdd1 axb4 19. axb4 c6 20. dxc6 Bxc6 21. Ra1 Nd7 22. f3 Rxa1 23. Rxa1 f4 24. exf4 Rxf4 25. Ra7 Rf8 26. Rc7 Ba8 27. Qa4 Rd8 28. Ra7 Qe8 29. c5 Nf6 30. Bb5 Qf8 31. c6 Rc8 32. Qa2+ d5 33. Qa4 d4 34. Qa2+ Kh8 35. Qe6 Re8 36. Rf7 Rxe6 37. Rxf8+ Kg7 38. Rxa8 Nd5 39. Ra7+ Kf6 40. c7 Ne7 41. Ra8 Rd6 42. Bc1 d3 43. Bd2 Rd5 44. Re8 Rxb5 45. Rxe7 Kxe7 46. c8Q Rd5 47. Qb7+ Rd7 48. Qxb6 Rd6 49. Qc5 Ke6 50. b5 Rd5 51. Qc6+ Rd6 52. Qc8+ Kd5 53. Qc7 Re6 54. b6 e4 55. fxe4+ Rxe4 56. Qb7+ Kd4 57. Qxe4+ 1-0

[Event "POL-ch Rapid"]
[Site "Lublin"]
[Date "2024.10.05"]
[Round "3"]
[White "Lechowski, Witold"]
[Black "Piorun, Kacper"]
[Result "0-1"]
[WhiteElo "2105"]
[BlackElo "2581"]
[PlyCount "66"]
[EventDate "2024.10.05"]
[EventType "swiss (rapid)"]
[EventRounds "9"]
[EventCountry "POL"]
[SourceTitle "CB45_2024"]
[Source "ChessBase"]
[SourceDate "2024.11.06"]
[SourceVersion "1"]
[SourceVersionDate "2024.11.06"]
[SourceQuality "1"]

1. d4 Nf6 2. c4 g6 3. Nf3 Bg7 4. g3 d6 5. Bg2 0-0 6. Nc3 c6 7. 0-0 Qa5 8. e4 e5 9. dxe5 dxe5 10. h3 Re8 11. Be3 Nbd7 12. Nd2 Nf8 13. Qa4 Qc7 14. Rac1 Bd7 15. Qa3 Ne6 16. Nd5 Qd8 17. Nxf6+ Bxf6 18. Nb3 b6 19. Qd6 c5 20. Qd2 Qc7 21. Rfd1 Bc6 22. Qd6 Qb7 23. Qd3 Rad8 24. Qc2 Nd4 25. Bxd4 exd4 26. Nd2 d3 27. Qb3 Bd4 28. Bf1 Qc7 29. Kg2 f5 30. f3 fxe4 31. Nxe4 Rxe4 32. fxe4 Bxe4+ 33. Kh2 Bg1+ 0-1

[Event "Wroclaw Anderssen Memorial op"]
[Site "Wroclaw"]
[Date "2024.08.15"]
[Round "3"]
[White "Baziuk, Vladyslav"]
[Black "Lechowski, Witold"]
[Result "1-0"]
[WhiteElo "2215"]
[BlackElo "1999"]
[PlyCount "75"]
[EventDate "2024.08.15"]
[EventType "swiss (blitz)"]
[EventRounds "9"]
[EventCountry "POL"]
[SourceTitle "CBM 221 Extra"]
[Source "ChessBase"]
[SourceDate "2024.09.30"]
[SourceVersion "1"]
[SourceVersionDate "2024.09.30"]
[SourceQuality "1"]

1. d4 Nf6 2. c4 g6 3. Nc3 d5 4. Nf3 Bg7 5. Qb3 dxc4 6. Qxc4 0-0 7. e4 c6 8. Be2 Be6 9. Qd3 h6 10. 0-0 Nbd7 11. h3 Nb6 12. b3 Rc8 13. Be3 Qc7 14. Rac1 Rfd8 15. Qb1 Qb8 16. Rfd1 Kh7 17. a4 Nbd7 18. Bc4 Bxc4 19. bxc4 c5 20. d5 Ne8 21. Nd2 Be5 22. Ne2 g5 23. g3 Kh8 24. f4 gxf4 25. gxf4 Bg7 26. e5 Nxe5 27. fxe5 Qxe5 28. Qe4 Qb2 29. Ng3 Nd6 30. Qh4 Kg8 31. Bxh6 Bxh6 32. Qxh6 Qd4+ 33. Kg2 f5 34. Nf3 Qb2+ 35. Qd2 Qb3 36. Ne5 Ne4 37. Nxe4 fxe4 38. Rc3 1-0

[Event "Wroclaw Anderssen Memorial op"]
[Site "Wroclaw"]
[Date "2024.08.15"]
[Round "5"]
[White "Sernecki, Franciszek"]
[Black "Lechowski, Witold"]
[Result "1/2-1/2"]
[WhiteElo "2372"]
[BlackElo "1999"]
[PlyCount "151"]
[EventDate "2024.08.15"]
[EventType "swiss (blitz)"]
[EventRounds "9"]
[EventCountry "POL"]
[SourceTitle "CBM 221 Extra"]
[Source "ChessBase"]
[SourceDate "2024.09.30"]
[SourceVersion "1"]
[SourceVersionDate "2024.09.30"]
[SourceQuality "1"]

1. e3 e5 2. c4 Nf6 3. Nc3 d5 4. cxd5 Nxd5 5. Nf3 Nxc3 6. bxc3 Bd6 7. d4 exd4 8. cxd4 0-0 9. Be2 c5 10. d5 Re8 11. 0-0 a6 12. a4 Nd7 13. Rb1 Nf6 14. Bc4 Rb8 15. Qc2 Bg4 16. Nd2 b5 17. axb5 axb5 18. Bxb5 Rxb5 19. Rxb5 Be2 20. Rb7 Bxf1 21. Nxf1 Nxd5 22. Qc4 Rf8 23. Bb2 Nf6 24. e4 Qa8 25. Rb6 Nxe4 26. f3 Bc7 27. Ra6 Qb8 28. Bxg7 Kxg7 29. fxe4 Qb4 30. Qc1 Qxe4 31. Qg5+ Kh8 32. Qf6+ Kg8 33. Qg5+ Kh8 34. Qf6+ Kg8 35. Qg5+ Kh8 36. Qxc5 Rc8 37. Qf2 Rf8 38. Qf6+ Kg8 39. Qg5+ Kh8 40. Qf6+ Kg8 41. Ra3 Be5 42. Qg5+ Kh8 43. Rf3 Bd4+ 44. Kh1 Qg6 45. Qd5 Bg7 46. h3 Qe6 47. Qxe6 fxe6 48. Rxf8+ Bxf8 49. Kg1 Bc5+ 50. Kh2 Bd6+ 51. g3 Kg7 52. Kg2 Kg6 53. Kf3 Kf5 54. Ne3+ Kf6 55. g4 h6 56. Nc4 Bc5 57. Nd2 Bd4 58. Ke4 Bc3 59. Nf3 Ba1 60. Ne1 Kg5 61. Nf3+ Kf6 62. Kf4 Bb2 63. Ke4 Kg6 64. h4 Kf6 65. Kd3 Ba3 66. Kc4 Bd6 67. Kd4 Bg3 68. Kc5 Bxh4 69. Nxh4 Kg5 70. Ng2 Kxg4 71. Kd6 Kg3 72. Ne3 Kf4 73. Ng2+ Kf5 74. Ne3+ Kf6 75. Ng4+ Kg5 76. Nxh6 1/2-1/2

[Event "Wroclaw op-A"]
[Site "Wroclaw"]
[Date "2024.08.14"]
[Round "9"]
[White "Lambrecht, Tomasz"]
[Black "Lechowski, Witold"]
[Result "1-0"]
[WhiteElo "2045"]
[BlackElo "1999"]
[PlyCount "93"]
[EventDate "2024.08.08"]
[EventType "swiss"]
[EventRounds "9"]
[EventCountry "POL"]
[SourceTitle "EXT 2025"]
[Source "ChessBase"]
[SourceDate "2024.10.14"]
[SourceVersion "1"]
[SourceVersionDate "2024.10.14"]
[SourceQuality "1"]

1. d4 Nf6 2. c4 g6 3. Nc3 d5 4. Nf3 Bg7 5. Bf4 0-0 6. Rc1 dxc4 7. e4 c5 8. dxc5 Qa5 9. Nd2 Qxc5 10. Bxc4 Nc6 11. Nb5 Qh5 12. Be2 Bg4 13. f3 Bd7 14. h4 g5 15. g4 Qg6 16. hxg5 Ne8 17. Nc3 Be6 18. Nd5 Bxd5 19. exd5 Ne5 20. Nc4 Nxc4 21. Bxc4 Nd6 22. Bd3 f5 23. gxf6 Qxf6 24. Bxh7+ Kf7 25. Bxd6 Qxd6 26. Bf5 Qg3+ 27. Kf1 Rh8 28. Be6+ Kf8 29. Rxh8+ Bxh8 30. Qd3 Qh3+ 31. Ke2 Qh2+ 32. Kd1 Bf6 33. Qe2 Qg1+ 34. Kc2 Qd4 35. Kb1 a5 36. Rc4 Qg1+ 37. Rc1 Qd4 38. Qc2 a4 39. Rd1 Qb6 40. g5 Bh8 41. Qf5+ Ke8 42. Qf7+ Kd8 43. Qf8+ Kc7 44. Qxe7+ Kb8 45. Qe8+ Kc7 46. d6+ Qxd6 47. Qf7+ 1-0

[Event "Wroclaw op-A"]
[Site "Wroclaw"]
[Date "2024.08.12"]
[Round "6"]
[White "Lechowski, Witold"]
[Black "Radzimski, Antoni"]
[Result "0-1"]
[WhiteElo "1999"]
[BlackElo "2062"]
[PlyCount "79"]
[EventDate "2024.08.08"]
[EventType "swiss"]
[EventRounds "9"]
[EventCountry "POL"]
[SourceTitle "EXT 2025"]
[Source "ChessBase"]
[SourceDate "2024.10.14"]
[SourceVersion "1"]
[SourceVersionDate "2024.10.14"]
[SourceQuality "1"]

1. d4 Nf6 2. c4 e6 3. Nf3 Bb4+ 4. Nbd2 b6 5. a3 Bxd2+ 6. Qxd2 Bb7 7. e3 a5 8. b3 d6 9. Be2 Nbd7 10. Bb2 0-0 11. 0-0 Ne4 12. Qc2 c5 13. Rfd1 f5 14. b4 Qe7 15. b5 Ndf6 16. Nd2 Nxd2 17. Qxd2 Ne4 18. Qe1 cxd4 19. Bxd4 Qc7 20. f3 Nc5 21. Rab1 Rfd8 22. Qg3 Rac8 23. Bf6 Rd7 24. h4 e5 25. h5 Rf7 26. Bh4 Ne6 27. Qf2 h6 28. Rb3 f4 29. exf4 Nxf4 30. Qe3 Re8 31. Bd3 a4 32. Rc3 Nxg2 33. Kxg2 Rxf3 34. Qxf3 Bxf3+ 35. Kxf3 Qf7+ 36. Kg2 Qxh5 37. Rh1 e4 38. Bf1 e3 39. Bg3 Qd1 40. Rd3 0-1

[Event "Opole AZS op 1st"]
[Site "Opole"]
[Date "2023.08.15"]
[Round "8"]
[White "Klekowski, Maciej"]
[Black "Lechowski, Witold"]
[Result "1-0"]
[WhiteElo "2418"]
[BlackElo "1694"]
[PlyCount "85"]
[EventDate "2023.08.15"]
[EventType "swiss (rapid)"]
[EventRounds "9"]
[EventCountry "POL"]
[SourceTitle "EXT 2024"]
[Source "ChessBase"]
[SourceDate "2023.10.10"]
[SourceVersion "1"]
[SourceVersionDate "2023.10.10"]
[SourceQuality "1"]

1. c4 Nf6 2. Nc3 d5 3. cxd5 Nxd5 4. g3 g6 5. Bg2 Nxc3 6. bxc3 Bg7 7. Nf3 0-0 8. Qc2 c5 9. d3 Nc6 10. 0-0 Qc7 11. Rb1 Rd8 12. Bf4 e5 13. Bg5 Re8 14. Nd2 b6 15. Nc4 Bb7 16. e4 h6 17. Bc1 Rad8 18. Ne3 Ne7 19. Bb2 Rd7 20. c4 Red8 21. Rbd1 Re8 22. Qb1 Nc6 23. Nd5 Qd8 24. f4 Nd4 25. Bxd4 exd4 26. a4 Bxd5 27. cxd5 Kh7 28. Qb3 f6 29. h4 Rde7 30. h5 g5 31. Bh3 Qd6 32. Kg2 Rg8 33. Bf5+ Kh8 34. Kf3 Bf8 35. Be6 Rgg7 36. Rde1 Rb7 37. e5 fxe5 38. fxe5 Qd8 39. Kg4 Qe8 40. d6 Rb8 41. Rf6 Rh7 42. Bf5 Rg7 43. Rxh6+ 1-0

[Event "Wroclaw op-A"]
[Site "Wroclaw"]
[Date "2022.08.07"]
[Round "9"]
[White "Smietanska, Wiktoria"]
[Black "Lechowski, Witold"]
[Result "1/2-1/2"]
[WhiteElo "1919"]
[BlackElo "1569"]
[PlyCount "68"]
[EventDate "2022.07.31"]
[EventType "swiss"]
[EventRounds "9"]
[EventCountry "POL"]
[SourceTitle "CBM 209 Extra"]
[Source "ChessBase"]
[SourceDate "2022.09.30"]
[SourceVersion "1"]
[SourceVersionDate "2022.09.30"]
[SourceQuality "1"]

1. c4 Nf6 2. Nc3 d5 3. cxd5 Nxd5 4. g3 g6 5. Bg2 Nxc3 6. bxc3 Bg7 7. d4 0-0 8. Nf3 c5 9. e3 Nc6 10. 0-0 Qc7 11. Ba3 b6 12. Rc1 Bb7 13. Qe2 Rfd8 14. Rfd1 Rd7 15. h4 Rad8 16. Bh3 e6 17. h5 Ne7 18. hxg6 hxg6 19. Bb2 Qc6 20. Bg2 Qc7 21. Ng5 Bxg2 22. Kxg2 e5 23. Qg4 Nf5 24. Qh3 Nh6 25. e4 exd4 26. cxd4 Qc8 27. d5 Re7 28. Qh2 Qg4 29. Bxg7 Kxg7 30. Qh4 Qxh4 31. gxh4 Ng4 32. Kg3 Nf6 33. f3 Nh5+ 34. Kf2 Nf4 1/2-1/2

[Event "Wch U12 rapid"]
[Site "Rhodes"]
[Date "2022.05.01"]
[Round "3"]
[White "Begmuratov, Khumoyun"]
[Black "Lechowski, Witold"]
[Result "1-0"]
[WhiteElo "1977"]
[BlackElo "1542"]
[PlyCount "93"]
[EventDate "2022.05.01"]
[EventType "swiss (rapid)"]
[EventRounds "9"]
[EventCountry "GRE"]
[SourceTitle "CBM 208 Extra"]
[Source "ChessBase"]
[SourceDate "2022.07.31"]
[SourceVersion "1"]
[SourceVersionDate "2022.07.31"]
[SourceQuality "1"]

1. e4 e5 2. Nf3 Nc6 3. Bb5 a6 4. Ba4 g6 5. 0-0 Bg7 6. c3 Nge7 7. d4 exd4 8. cxd4 0-0 9. Nc3 d6 10. h3 b5 11. Bc2 Bb7 12. Bf4 Qd7 13. Qd2 Rad8 14. Bh6 d5 15. exd5 Nxd5 16. Ne4 Ndb4 17. Nc5 Qc8 18. Bxg7 Kxg7 19. Be4 f5 20. Bxc6 Nxc6 21. d5 Ne7 22. Qc3+ Kg8 23. Ne6 Rf7 24. Nxd8 Nxd5 25. Qd2 Qxd8 26. Rfe1 Rd7 27. Qh6 Nb4 28. Ne5 Re7 29. Rad1 Qe8 30. Nd3 Nxd3 31. Rxe7 Qxe7 32. Rxd3 Be4 33. Rd2 c5 34. Qf4 c4 35. Qb8+ Kg7 36. Qb6 Bb7 37. Qd4+ Kf7 38. Kh2 Qc7+ 39. f4 Qe7 40. Qh8 h5 41. Qh7+ Kf6 42. Qh8+ Kf7 43. Rd8 Qc7 44. Rf8+ Ke7 45. Qg7+ Kd6 46. Qe5+ Kd7 47. Rf7+ 1-0

[Event "EU-ch Rapid"]
[Site "Katowice"]
[Date "2021.12.18"]
[Round "1"]
[White "Kowalski, Igor"]
[Black "Lechowski, Witold"]
[Result "1-0"]
[WhiteElo "2370"]
[BlackElo "1701"]
[PlyCount "43"]
[EventDate "2021.12.18"]
[EventType "swiss (rapid)"]
[EventRounds "11"]
[EventCountry "POL"]
[SourceTitle "CBM 205 Extra"]
[Source "ChessBase"]
[SourceDate "2022.01.31"]
[SourceVersion "1"]
[SourceVersionDate "2022.01.31"]
[SourceQuality "1"]

1. d4 Nf6 2. Nf3 g6 3. Nc3 d5 4. Bf4 Bg7 5. e3 0-0 6. h4 h5 7. Ne5 Nbd7 8. Be2 Nb6 9. g4 Bxg4 10. Nxg4 Nxg4 11. Bxg4 hxg4 12. Qxg4 Qc8 13. Qg3 c6 14. h5 Qf5 15. 0-0-0 Nd7 16. Rdg1 e5 17. dxe5 Nxe5 18. hxg6 Nxg6 19. Qh2 Rfd8 20. Bd6 Nh4 21. Qxh4 Rxd6 22. Qh8# 1-0

[Event "POL-ch U20"]
[Site "Pokrzywna"]
[Date "2021.12.12"]
[Round "8"]
[White "Karut, Kacper"]
[Black "Lechowski, Witold"]
[Result "1-0"]
[WhiteElo "1826"]
[BlackElo "1701"]
[PlyCount "109"]
[EventDate "2021.12.06"]
[EventType "swiss"]
[EventRounds "9"]
[EventCountry "POL"]
[SourceTitle "CBM 205 Extra"]
[Source "ChessBase"]
[SourceDate "2022.01.31"]
[SourceVersion "1"]
[SourceVersionDate "2022.01.31"]
[SourceQuality "1"]

1. e4 e5 2. Nf3 Nc6 3. Bb5 Nf6 4. d3 Bc5 5. 0-0 0-0 6. Bxc6 dxc6 7. Nxe5 Re8 8. Nf3 Ng4 9. d4 Bf8 10. e5 Re6 11. Nc3 Rg6 12. Ne2 c5 13. d5 Qe7 14. Nf4 Ra6 15. Re1 Bd7 16. c4 Nh6 17. e6 fxe6 18. dxe6 Ba4 19. Qe2 Bc6 20. Nd5 Bxd5 21. cxd5 g6 22. Bg5 Qe8 23. e7 Bg7 24. Bxh6 Bxh6 25. Qc4 Rd6 26. Qxc5 Rd7 27. Re4 b6 28. Qc6 Rc8 29. Qe6+ Kh8 30. Ne5 Rxe7 31. Qxe7 Qxe7 32. Nxg6+ hxg6 33. Rxe7 Bf4 34. Rae1 Bd6 35. Re8+ Rxe8 36. Rxe8+ Kg7 37. Re6 Kf7 38. g3 Bf8 39. Rc6 Bd6 40. f4 Kf6 41. Kg2 g5 42. fxg5+ Kxg5 43. Kf3 Kf5 44. Rc1 Be5 45. b3 b5 46. h4 a5 47. g4+ Kf6 48. Rc5 a4 49. Rxb5 axb3 50. Rxb3 c6 51. dxc6 Kg6 52. Rb7 Kh6 53. c7 Bxc7 54. Rxc7 Kg6 55. a4 1-0

[Event "POL-ch U20"]
[Site "Pokrzywna"]
[Date "2021.12.11"]
[Round "7"]
[White "Lechowski, Witold"]
[Black "Panek, Bartosz"]
[Result "0-1"]
[WhiteElo "1701"]
[BlackElo "2073"]
[PlyCount "130"]
[EventDate "2021.12.06"]
[EventType "swiss"]
[EventRounds "9"]
[EventCountry "POL"]
[SourceTitle "CBM 205 Extra"]
[Source "ChessBase"]
[SourceDate "2022.01.31"]
[SourceVersion "1"]
[SourceVersionDate "2022.01.31"]
[SourceQuality "1"]

1. d4 g6 2. e4 Bg7 3. c4 d6 4. Nc3 Nc6 5. Be3 e5 6. d5 Nce7 7. f3 f5 8. exf5 gxf5 9. Qd2 Nf6 10. 0-0-0 a6 11. h3 f4 12. Bf2 Nf5 13. Bd3 0-0 14. Nge2 Nh5 15. Ne4 Kh8 16. Kb1 Bh6 17. Qc2 Qe7 18. Rhg1 Bd7 19. Rdf1 Rf7 20. g3 fxg3 21. N2xg3 Nhxg3 22. Nxg3 Nxg3 23. Rxg3 Raf8 24. Be4 Bf4 25. Rgg1 Bxh3 26. Rd1 Bf5 27. c5 Bxe4 28. fxe4 Bg5 29. Rg2 h6 30. a3 Kh7 31. cxd6 cxd6 32. Rdg1 Rf3 33. Ka2 Qd7 34. Rh2 Qe7 35. Qe2 Qf6 36. Bb6 Rf7 37. Rhg2 Rf1 38. Bd8 Qf3 39. Qxf3 R7xf3 40. Bxg5 Rxg1 41. Rxg1 hxg5 42. Rxg5 Rf4 43. Rh5+ Kg7 44. Rg5+ Kf6 45. Rh5 Rxe4 46. Rh6+ Ke7 47. Rh7+ Kd8 48. Rxb7 Rd4 49. Rb6 Rxd5 50. Rxa6 e4 51. Ra8+ Kd7 52. Ra7+ Ke6 53. Ra8 Re5 54. Kb1 e3 55. Kc2 Kf5 56. Kd1 Ke4 57. Ke2 d5 58. Rh8 d4 59. Rh4+ Kd5 60. b3 d3+ 61. Ke1 Rg5 62. Rh1 Kd4 63. b4 Kc3 64. Kd1 Rg2 65. b5 Ra2 0-1

[Event "POL-ch U20"]
[Site "Pokrzywna"]
[Date "2021.12.10"]
[Round "6"]
[White "Bartodziej, Bartosz"]
[Black "Lechowski, Witold"]
[Result "1/2-1/2"]
[WhiteElo "1805"]
[BlackElo "1701"]
[PlyCount "71"]
[EventDate "2021.12.06"]
[EventType "swiss"]
[EventRounds "9"]
[EventCountry "POL"]
[SourceTitle "CBM 205 Extra"]
[Source "ChessBase"]
[SourceDate "2022.01.31"]
[SourceVersion "1"]
[SourceVersionDate "2022.01.31"]
[SourceQuality "1"]

1. e4 e5 2. Nf3 Nc6 3. Bc4 Nf6 4. d3 Bc5 5. Nbd2 d6 6. c3 a5 7. Bb3 b5 8. a4 b4 9. 0-0 0-0 10. h3 h6 11. Re1 Re8 12. Nf1 bxc3 13. bxc3 Bb6 14. d4 Bb7 15. d5 Ne7 16. Bc2 Nd7 17. Ng3 Ba6 18. Be3 Nc5 19. Nh4 Nxd5 20. exd5 Qxh4 21. Nf5 Qf6 22. Qf3 Kh8 23. Bxc5 Bxc5 24. Re4 Bc8 25. Ree1 Bxf5 26. Bxf5 g6 27. Be4 Qxf3 28. Bxf3 Rab8 29. Rab1 Rb6 30. Rxb6 Bxb6 31. Bd1 Rb8 32. Bc2 Bc5 33. Rb1 Rxb1+ 34. Bxb1 Kg7 35. Kf1 f5 36. f3 1/2-1/2

[Event "POL-ch U20"]
[Site "Pokrzywna"]
[Date "2021.12.08"]
[Round "4"]
[White "Lechowski, Witold"]
[Black "Kocierz, Pawel"]
[Result "1-0"]
[WhiteElo "1701"]
[BlackElo "1774"]
[PlyCount "51"]
[EventDate "2021.12.06"]
[EventType "swiss"]
[EventRounds "9"]
[EventCountry "POL"]
[SourceTitle "CBM 205 Extra"]
[Source "ChessBase"]
[SourceDate "2022.01.31"]
[SourceVersion "1"]
[SourceVersionDate "2022.01.31"]
[SourceQuality "1"]

1. d4 d5 2. c4 e6 3. Nf3 Nf6 4. Nc3 Be7 5. Bg5 0-0 6. e3 Nbd7 7. Bd3 dxc4 8. Bxc4 c5 9. 0-0 cxd4 10. Qxd4 a6 11. e4 b5 12. Bb3 Bb7 13. e5 Nd5 14. Bxd5 exd5 15. Bxe7 Qxe7 16. Nxd5 Qe6 17. Nc7 Qg6 18. Nh4 Qg5 19. Nxa8 Nxe5 20. f4 Qxh4 21. Qxe5 Rxa8 22. Rfe1 Qd8 23. Rad1 Qb6+ 24. Qd4 Qc7 25. Qd6 Qa5 26. b4 1-0